La Renaissance de l'Egypte

محفوظ في:

مؤلفون آخرون: La Chambre de Commerce Egyptienne d'Alexandrie

التنسيق: كتاب

اللغة: Undetermined

منشور في: Imp. L'Avenir 1940

الموضوعات:

الوسوم: إضافة وسم

لا توجد وسوم, كن أول من يضع وسما على هذه التسجيلة!

رقم الطلب: (F)HC830 .R46

LEADER 00793nam a2200193Ia 4500
008 220904s9999||||xx |||||||||||||| ||und||
050 |a (F)HC830 .R46  
245 1 0 |a La Renaissance de l'Egypte  |c , La Chambre de Commerce Egyptienne d'Alexandrie 
246 1 |a Chambre de commerce egyptienne d'Alexandrie  
264 1 |b Imp. L'Avenir  |c 1940 
300 |a 290p.  |b [ca.200] p. of plates: ill.  |c 33cm. 
504 |a French and English ; some captions also Arabic 
650 4 |a Economic -- conditions. 
650 4 |a Egypt -- Commerce.  
650 4 |a Egypt -- Description and travel. 
700 1 |a  La Chambre de Commerce Egyptienne d'Alexandrie 
942 |2 lcc  |c BK 
952 |0 0  |1 0  |2 lcc  |4 0  |7 1  |9 42734  |a ARCE  |b ARCE  |d 2022-09-04  |l 0  |o (F)HC830 .R46   |p 1033466  |r 2022-09-04 00:00:00  |w 2022-09-04  |y BK 
999 |c 49407  |d 49407